000 00368nam a2200145Ia 4500
008 220204s9999 xx 000 0 und d
082 _a581.5+630*111
_bEYR
100 _aEYRE, S R
245 0 _aVegetation and soils: A world picture.
250 _aEd.2
260 _aLondon
_bEdward Arnold
_c1968
650 _aSoil development
650 _aVegetation
942 _cBK
999 _c26358
_d26358